000 00790nam a2200205 4500
999 _c17423
_d17423
008 221017b ||||| |||| 00| 0 eng d
020 _a9789719656524
082 _22020
_aDFil 371.102
_bSe683
100 _aSerrano, Erlinda D.
_946363
245 _aThe teacher and the community, school culture and organizational leadership /
_cErlinda D. Serrano and Ronan M. Cajigal.
260 _aManila :
_bAdriana Publishing Co., Inc.,
_c©2020.
300 _axi, 148 pages :
_billustrations ;
_c25 cm.
500 _aIncludes appendices and bibliographical references.
650 _aTeaching.
_946364
650 _aTeachers.
_946365
650 _aCommunity and school.
_913930
650 _aEducational leadership.
_939599
700 _aCajigal, Ronan M.
_eauthor.
_946366
942 _2ddc
_cDFIL